[Event "TUR-chT"]
[Site "Konya"]
[Date "2011.07.05"]
[Round "9"]
[White "Yeke, Serkan"]
[Black "Cebelli, Ozel"]
[Result "1-0"]
[WhiteElo "2293"]
[BlackElo "2130"]
[PlyCount "93"]
[EventDate "2011.06.28"]
[EventType "team-swiss"]
[EventRounds "13"]
[EventCountry "TUR"]
[SourceTitle "CBM 143 Extra"]
[Source "ChessBase"]
[SourceDate "2011.08.29"]
[SourceVersion "1"]
[SourceVersionDate "2011.08.29"]
[SourceQuality "1"]
[WhiteTeam "Gazi Universitesi"]
[BlackTeam "Bursa Tophane"]
[WhiteTeamCountry "TUR"]
[BlackTeamCountry "TUR"]

1. e4 e6 2. d3 d5 3. Nd2 g6 4. Ngf3 Bg7 5. g3 Ne7 6. Bg2 0-0 7. 0-0 b6 8. Qe2 Bb7 9. Re1 Nd7 10. e5 c5 11. Nf1 h6 12. h4 h5 13. Bg5 Re8 14. N1h2 Qc7 15. Bf4 Nf5 16. Qd2 d4 17. Qe2 Rac8 18. Ng5 Bxg2 19. Kxg2 c4 20. Rad1 Qc6+ 21. Kh3 cxd3 22. cxd3 Qc2 23. Rd2 Qa4 24. g4 hxg4+ 25. Nxg4 Rc5 26. h5 Qa5 27. Rg1 Nf8 28. Ne4 Re7 29. Nxc5 bxc5 30. Nf6+ Bxf6 31. exf6 Rd7 32. Be5 Rd5 33. f4 Qxa2 34. hxg6 fxg6 35. Qh5 Kf7 36. Rxg6 Nxg6 37. Qh7+ Kf8 38. Qxg6 Rxe5 39. fxe5 Qd5 40. Qg2 Qxe5 41. Qa8+ Kf7 42. Rg2 Qf4 43. Qg8+ Kxf6 44. Rg6+ Ke7 45. Qxe6+ Kd8 46. Rg8+ Kc7 47. Rc8+ 1-0

[Event "TUR-chT"]
[Site "Konya"]
[Date "2011.07.04"]
[Round "8"]
[White "Cebelli, Ozel"]
[Black "Apaydin, Fethi"]
[Result "0-1"]
[WhiteElo "2130"]
[BlackElo "2198"]
[PlyCount "84"]
[EventDate "2011.06.28"]
[EventType "team-swiss"]
[EventRounds "13"]
[EventCountry "TUR"]
[SourceTitle "CBM 143 Extra"]
[Source "ChessBase"]
[SourceDate "2011.08.29"]
[SourceVersion "1"]
[SourceVersionDate "2011.08.29"]
[SourceQuality "1"]
[WhiteTeam "Bursa Tophane"]
[BlackTeam "Besiktas Jimnastik"]
[WhiteTeamCountry "TUR"]
[BlackTeamCountry "TUR"]

1. e4 c5 2. Nc3 a6 3. a4 e6 4. g3 Nc6 5. Bg2 Nf6 6. d3 Be7 7. Nge2 0-0 8. 0-0 Rb8 9. f4 d5 10. e5 Nd7 11. b3 b5 12. axb5 axb5 13. Kh1 Qb6 14. Bb2 Bb7 15. Qd2 Ra8 16. Rfb1 Rfd8 17. Nd1 d4 18. Nf2 Nb4 19. Ne4 Nd5 20. g4 Qc7 21. g5 N7b6 22. N2g3 Ne3 23. Bh3 Nbd5 24. Qf2 Nb4 25. Kg1 g6 26. Bc1 Rxa1 27. Rxa1 Nexc2 28. Rb1 Ne3 29. Qe2 Nbd5 30. Qf2 Nd1 31. Qe1 N1c3 32. Ra1 Nb4 33. Qf1 c4 34. bxc4 bxc4 35. Ba3 Nxe4 36. dxe4 d3 37. Bg2 Nc2 38. Bxe7 Qxe7 39. Rb1 c3 40. f5 Ne3 41. Qf2 c2 42. Ra1 d2 0-1